| 000 | 01045nam a22003137a 4500 | ||
|---|---|---|---|
| 001 | 5299 | ||
| 003 | FISKH | ||
| 005 | 20241125114140.0 | ||
| 008 | 241125b cb ||||| |||| 00| 0 eng d | ||
| 020 | _a9780439203401 | ||
| 040 |
_aFISKH _beng _cFISKH _dFISKH |
||
| 050 | _aPZ7.E72554 | ||
| 082 | _a813.54 | ||
| 100 | _aErdrich, Louise | ||
| 245 |
_aThe Birchbark House / _cby Louise Erdrich |
||
| 250 | _aFirst Scholastic printing , September 2000 | ||
| 260 |
_aNew York : _bScholastic ; _c1999 . |
||
| 300 |
_a239 pages : _billustrations , maps ; _c20 cm . |
||
| 490 |
_aThe Birchbark House _vBook 1 |
||
| 505 | _aZ | ||
| 520 | _aOmakayas, a seven-year-old Native American girl of the Ojibwa tribe, lives through the joys of summer and the perils of winter on an island in Lake Superior in 1847. | ||
| 521 | 8 |
_a970
_bLexile |
|
| 521 | 8 |
_aZ
_bRaz-Plus |
|
| 650 |
_asmallpox _vFiction |
||
| 650 |
_ayoung adult _vFiction |
||
| 700 |
_aEekelen-Benders, Aleid van _etranslator |
||
| 942 |
_2ddc _cBK _n0 |
||
| 999 |
_c5299 _d5299 |
||